Statistics for Supernatural Episode Titles SEASONS 1-12

Click here to take the quiz!

General Stats

  • This quiz has been taken 44 times
  • The average score is 53 of 263

Answer Stats

HintAnswer% Correct
1.1Pilot
95%
1.2Wendigo
86%
1.5Bloody Mary
68%
1.8Bugs
68%
1.3Dead in the Water
64%
4.1Lazarus Rising
64%
3.11Mystery Spot
64%
1.7Hook Man
59%
4.22Lucifer Rising
59%
1.6Skin
59%
5.22Swan Song
59%
5.8Changing Channels
55%
6.15The French Mistake
55%
1.10Asylum
50%
1.22Devil's Trap
50%
4.7It's The Great Pumpkin, Sam Winchester
50%
1.4Phantom Traveler
50%
4.2Are You There God? It's Me, Dean Winchester
45%
1.12Faith
45%
2.17Heart
45%
1.9Home
45%
2.1In My Time of Dying
45%
1.13Route 666
45%
11.23Alpha and Omega
41%
10.5Fan Fiction
41%
2.15Tall Tales
41%
5.4The End
41%
2.9Croatoan
36%
7.10Death's Door
36%
6.1Exile on Main St.
36%
5.19Hammer of the Gods
36%
1.19Provenance
36%
1.21Salvation
36%
5.7The Curious Case of Dean Winchester
36%
11.4Baby
32%
11.20Don't Call Me Shurley
32%
2.2Everybody loves a Clown
32%
8.3Heartache
32%
4.10Heaven and Hell
32%
1.17Hell House
32%
3.12Jus in Bello
32%
4.5Monster Movie
32%
5.14My Bloody Valentine
32%
3.16No Rest for the Wicked
32%
8.23Sacrifice
32%
7.8Season Seven, Time for a Wedding
32%
7.6Slash Fiction
32%
5.1Sympathy for the Devil
32%
6.4Weekend at Bobby's
32%
8.1We Need to Talk About Kevin
32%
4.21When the Levee Breaks
32%
5.1799 Problems
27%
3.8A Very Supernatural Christmas
27%
10.1Black
27%
8.5Blood Brother
27%
2.3Bloodlust
27%
4.12Criss Angel Is a Douchebag
27%
1.20Dead Man's Blood
27%
9.5Dog Dean Afternoon
27%
3.13Ghostfacers
27%
5.2Good God, Y'all
27%
2.13Houses of the Holy
27%
9.18Meta Fiction
27%
4.16On The Head of a Pin
27%
12.11Regarding Dean
27%
6.22The Man Who Knew Too Much
27%
6.20The Man Who Would Be King
27%
4.18The Monster at the End of This Book
27%
4.20The Rapture
27%
5.9The Real Ghostbusters
27%
6.3The Third Man
27%
6.2Two and a Half Men
27%
4.13After School Special
23%
3.3Bad Day at Black Rock
23%
8.4Bitten
23%
6.10Caged Heat
23%
5.16Dark Side of the Moon
23%
2.19Folsom Prison Blues
23%
3.7Fresh Blood
23%
7.2Hello, Cruel World
23%
2.18Hollywood Babylon
23%
4.9I Know What You Did Last Summer
23%
4.17It's a Terrible Life
23%
4.19Jump the Shark
23%
7.1Meet the New Boss
23%
6.17My Heart Will Go On
23%
1.14Nightmare
23%
2.12Nightshifter
23%
8.20Pac-man Fever
23%
2.16Roadkill
23%
9.10Road Trip
23%
5.11Sam, Interrupted
23%
4.14Sex and Violence
23%
1.16Shadow
23%
10.3Soul Survivor
23%
7.23Survival of the Fittest
23%
8.19Taxi Driver
23%
1.15The Benders
23%
7.3The Girl Next Door
23%
7.20The Girl with the Dungeons and Dragons Tattoo
23%
5.13The Song Remains the Same
23%
2.7The Usual Suspects
23%
5.10Abandon All Hope
18%
9.7Bad Boys
18%
3.5Bedtime Stories
18%
10.23Brothers Keeper
18%
5.15Dead Men Dont Wear Plaid
18%
4.11Family Remains
18%
5.3Free to Be You and Me
18%
6.18Frontierland
18%
10.8Hibbing 911
18%
5.6I Believe the Children Are Our Future
18%
4.3In The Beginning
18%
6.21Let it Bleed
18%
6.12Like a Virgin
18%
12.8LOTUS
18%
3.9Malleus Maleficarum
18%
6.14Mannequin 3: The Reckoning
18%
4.4Metamorphosis
18%
2.6No Exit
18%
2.11Playthings
18%
7.14Plucky Pennywhistle's Magical Menagerie
18%
11.7Plush
18%
10.2Reichenbach
18%
7.15Repo Man
18%
8.6Southern Comfort
18%
12.12Stuck In The Middle (With You)
18%
5.12Swap Meat
18%
11.3The Bad Seed
18%
11.19The Chitters
18%
3.2The Kids are Alright
18%
3.1The Magnificent Seven
18%
7.7The Mentalists
18%
9.13The Purge
18%
7.22There Will be Blood
18%
7.13The Slice Girls
18%
5.21Two Minutes to Midnight
18%
6.13Unforgiven
18%
8.2What's Up, Tiger Mommy
18%
12.22Who We Are
18%
4.8Wishful Thinking
18%
4.6Yellow Fever
18%
8.7A Little Slice of Kevin
14%
11.21All in the Family
14%
6.16And Then There Were None
14%
6.11Appointment in Samarra
14%
9.20Bloodlines
14%
2.14Born Under a Bad Sign
14%
2.4Children Shouldnt Play With Dead Things
14%
8.9Citizen Fang
14%
8.22Clip Show
14%
2.8Crossroad Blues
14%
4.15Death Takes a Holiday
14%
9.2Devil May Care
14%
8.13Everybody Hates Hitler
14%
5.5Fallen Idols
14%
6.7Family Matters
14%
11.2Form and Void
14%
10.7Girls, Girls, Girls
14%
8.17Goodbye Stranger
14%
9.6Heaven Can't Wait
14%
2.10Hunted
14%
9.3I'm No Angel
14%
11.8Just My Imagination
14%
8.11LARP and the Real Girl
14%
6.5Live Free or Twihard
14%
6.19Mommy Dearest
14%
11.9O Brother Where Art Thou
14%
7.16Out With the Old
14%
10.16Paint It Black
14%
10.4Paper Moon
14%
7.18Party on, Garth
14%
5.18Point of No Return
14%
7.21Reading is Fundamental
14%
7.5Shut up, Dr. Phil
14%
2.5Simon Said
14%
1.18Something Wicked
14%
12.17The British Invasion
14%
5.20The Devil You Know
14%
10.14The Executioners Song
14%
12.3The Foundry
14%
12.14The Raid
14%
11.14The Vessel
14%
3.15Time is on my Side
14%
10.12About a Boy
9%
7.11Adventures in Babysitting
9%
2.21All Hell Breaks Loose PT. 1
9%
2.22All Hell Breaks Loose PT. 2
9%
10.20Angel Heart
9%
10.6Ask Jeeves
9%
8.12As Time Goes By
9%
11.15Beyond The Mat
9%
10.18Book of the Damned
9%
9.14Captives
9%
10.21Dark Dynasty
9%
3.10Dream a Little Dream of Me
9%
12.9First Blood
9%
9.11First Born
9%
8.18Freaks and Geeks
9%
11.18Hell's Angels
9%
9.9Holy Terror
9%
7.9How to Win Friends and Influence Monsters
9%
10.17Inside Man
9%
11.11Into the Mystic
9%
3.14Long Distance Call
9%
12.2Mamma Mia
9%
9.17Mother's Little Helper
9%
7.19Of Grave Importance
9%
11.17Red Meat
9%
3.6Red Sky at Morning
9%
9.8Rock and a Hard Place
9%
11.16Safe House
9%
9.12Sharp Teeth
9%
3.4Sin City
9%
9.4Slumber Party
9%
12.15Somewhere Between Heaven and Hell
9%
9.22Stairway to Heaven
9%
8.21The Great Escapist
9%
12.21There's Something About Mary
9%
11.5Thin Lizzie
9%
9.15#THINMAN
9%
7.12Time After Time
9%
11.22We Happy Few
9%
6.6You Cant Handle the Truth
9%
9.19Alex, Annie, Alexis, Ann
5%
12.4American Nightmare
5%
9.16Blade Runners
5%
12.6Celebrating the Life of Asa Fox
5%
6.9Clap You Hands If You Believe
5%
7.4Defending Your Life
5%
11.12Don't You Forget About Me
5%
9.23Do You Believe in Miracles?
5%
12.13Family Feud
5%
10.13Halt & Catch Fire
5%
12.1Keep Calm and Carry On
5%
12.10Lily Sunder Has Some Regrets
5%
11.13Love Hurts
5%
8.15Man's Best Friend with Benefits
5%
11.6Our Little World
5%
11.1Out of the Darkness, Into the Fire
5%
8.16Remember the Titans
5%
1.11Scarcrow
5%
7.17The Born-Again Identity
5%
11.10The Devil in The Details
5%
12.19The Future
5%
10.10The Hunter Games
5%
12.18The Memory Remains
5%
12.5The One You've Been Waiting For
5%
10.22The Prisoner
5%
10.11There's No Place Like Home
5%
10.15The Things They Carried
5%
8.10Torn and Frayed
5%
8.14Trial and Error
5%
6.8All Dogs to go Heaven
0%
8.8Hunteri Heroci
0%
9.1I Think I Like it Here
0%
9.21King on Demand
0%
12.16Ladies Drink Free
0%
12.7Rock Never Dies
0%
10.9The Things We Left Behind
0%
10.19The Werther Project
0%
12.20Twigs & Twine & Tasha Barnes
0%
2.20What is and Never Should Be
0%

Score Distribution

Percentile by Number Answered

Percent of People with Each Score

Your Score History

You have not taken this quiz